000 01088cam a22003497a 4500
003 CHAP
005 20220817043140.0
008 971013s1986 it r 00010 eng d
010 _a66832
011 _a67804
035 _a77276
040 _cCHAP
082 _a639.2
_bF3y v.278
110 _aFAO
245 1 0 _aDistribution and important biological features of coastal fish resources in southeast Asia
260 _aRome :
_bFAO,
_c1986
300 _a84 p.
410 _aFAO
490 0 _aDocumento técnico de pesca
_v; 278
590 _aBATCH-UPD
_b10
_c20130110
_lUCH01
_h0729
590 _aBATCH-UPD
_b10
_c20130410
_lUCH01
_h0412
590 _aBATCH-UPD
_b10
_c20130914
_lUCH01
_h0929
590 _aCONVERSION
_b10
_c20130109
_lUCH01
_h1337
650 1 4 _aRecursos marinos
_xAsia.
_995150
700 0 _aChullasorn, Somsak.
_922974
700 0 _aMartosubroto, Purwito.
_972709
810 0 _aFAO
830 0 0 _aDocumento técnico de pesca
_v; 278
_933242
901 _aBK
942 _cLIBRO
949 _a639.2 F3y v.278
_bBC
_cFAO
_d33724002203306
_eFAO1
_gDonaciØn
_h72564
_i77276
_si
999 _c66832
_d66832